| 000 | 00395nam a2200121Ia 4500 | ||
|---|---|---|---|
| 008 | 220216s9999 xx 000 0 und d | ||
| 100 |
_aBrown Paul S _cet al |
||
| 245 | 0 | _aApplications of FT-NMR to crosslink density determinations in Natural blend vulcanizates | |
| 260 |
_bRubber Chemistry and Technology _c1992 |
||
| 300 | _a744-760 | ||
| 650 | _aNatural rubber blend vulcanizate | ||
| 942 | _cJS | ||
| 999 |
_c54434 _d54434 |
||